000 02531nam a22003137a 4500
005 20120702104949.0
010 _aB-458169-178
020 _a9789380162355
_c850.00
035 _aB-458169-178
037 _aDPL
_bKK PUB/VEN
082 _a331.31
100 _aShweta
_949884
245 _aChild Rights In India
_bLaw, Policy and Practice/
_cby Shweta
260 _aNew Delhi
_bArise Publishers & Distributors
270 _a4648/1, 21, Ansari Road, Darya Ganj
_bNew Delhi
300 _a268pg.
_c21cm.
942 _2ddc
_cEN
_h331.31
_mSHW
999 _c68279
_d68279